000 00403nam a2200133Ia 4500
008 231129s2003||||xx |||||||||||||| ||spa||
020 _a958-9249-80-9
082 _aER- 342
100 _aHernández Galvis Rodney Antonio (Seudónimo: Valentino Hega)
245 0 _aLos prí­ncipes del rey
260 _c2003
264 _aPereira: Papiro 2003
942 _2ddc
_cBKS
999 _c19986
_d19986